AFI's 100 Years...100 Movies - Die besten Filme - Statistiken

Allgemein
  • Dieses Quiz wurde 27 mal gespielt
    14 seit der letzten Aktualisierung
  • Das Durchschnittsergebnis liegt bei 25 aus 100
Antwortstatistiken
Bildquiz Hint Antwort % Korrekt
Francis Ford Coppola Der Pate
100%
Steven Spielberg E.T. – Der Außerirdische
92%
John G. Avildsen Rocky
92%
Steven Spielberg Der weiße Hai
83%
Merian C. Cooper King Kong und die weiße Frau
83%
Walt Disney Schneewittchen und die sieben Zwerge
83%
Jonathan Demme Das Schweigen der Lämmer
75%
Peter Jackson Der Herr der Ringe: Die Gefährten
75%
Robert Zemeckis Forrest Gump
75%
George Lucas Krieg der Sterne
75%
James Cameron Titanic
75%
Steven Spielberg Der Soldat James Ryan
67%
Frank Darabont Die Verurteilten
67%
Steven Spielberg Jäger des verlorenen Schatzes
67%
Steven Spielberg Schindlers Liste
67%
Alfred Hitchcock Psycho
58%
John Lasseter Toy Story
58%
Michael Curtiz Casablanca
50%
Victor Fleming Der Zauberer von Oz
50%
Martin Scorsese Taxi Driver
50%
Arthur Penn Bonnie und Clyde
42%
Miloš Forman Einer flog übers Kuckucksnest
42%
Victor Fleming Vom Winde verweht
42%
William Wyler Ben Hur
33%
Alfred Hitchcock Das Fenster zum Hof
33%
Francis Ford Coppola Der Pate – Teil II
33%
David Lean Die Brücke am Kwai
33%
David Lean Lawrence von Arabien
33%
Charlie Chaplin Moderne Zeiten
33%
Quentin Tarantino Pulp Fiction
33%
M. Night Shyamalan The Sixth Sense
33%
Stanley Kubrick 2001: Odyssee im Weltraum
25%
Orson Welles Citizen Kane
25%
Sidney Lumet Die zwölf Geschworenen
25%
Dennis Hopper Easy Rider
25%
Martin Scorsese GoodFellas – Drei Jahrzehnte in der Mafia
25%
Frank Capra Ist das Leben nicht schön?
25%
Robert Wise Meine Lieder – meine Träume
25%
Stanley Kubrick Spartacus
25%
Sydney Pollack Tootsie
25%
Alfred Hitchcock Vertigo – Aus dem Reich der Toten
25%
Jerome Robbins & Robert Wise West Side Story
25%
Martin Scorsese Wie ein wilder Stier
25%
Francis Ford Coppola Apocalypse Now
17%
John Schlesinger Asphalt-Cowboy
17%
Ridley Scott Blade Runner
17%
Bob Fosse Cabaret
17%
Woody Allen Der Stadtneurotiker
17%
Alfred Hitchcock Der unsichtbare Dritte
17%
Mike Nichols Die Reifeprüfung
17%
Stanley Kubrick Dr. Seltsam oder: Wie ich lernte, die Bombe zu lieben
17%
Gene Kelly & Stanley Donen Du sollst mein Glücksstern sein
17%
Howard Hawks Leoparden küßt man nicht
17%
Billy Wilder Manche mögen's heiß
17%
Sidney Lumet Network
17%
Oliver Stone Platoon
17%
Robert Mulligan Wer die Nachtigall stört
17%
John Huston African Queen
8%
George Lucas American Graffiti
8%
William Friedkin Brennpunkt Brooklyn
8%
Roman Polanski Chinatown
8%
Billy Wilder Das Appartement
8%
Buster Keaton & Clyde Bruckman Der General
8%
John Huston Der Schatz der Sierra Madre
8%
Michael Cimino Die durch die Hölle gehen
8%
Leo McCarey Die Marx Brothers im Krieg
8%
Alan J. Pakula Die Unbestechlichen
8%
Elia Kazan Endstation Sehnsucht
8%
Clint Eastwood Erbarmungslos
8%
Norman Jewison In der Hitze der Nacht
8%
Charlie Chaplin Lichter der Großstadt
8%
Robert Altman MASH
8%
Frank Capra Mr. Smith geht nach Washington
8%
Sam Wood Skandal in der Oper
8%
Stanley Kubrick Uhrwerk Orange
8%
Mike Nichols Wer hat Angst vor Virginia Woolf?
8%
George Roy Hill Zwei Banditen
8%
Joseph L. Mankiewicz Alles über Eva
0%
Billy Wilder Boulevard der Dämmerung
0%
John Ford Der schwarze Falke
0%
William Wyler Die besten Jahre unseres Lebens
0%
Elia Kazan Die Faust im Nacken
0%
Peter Bogdanovich Die letzte Vorstellung
0%
George Cukor Die Nacht vor der Hochzeit
0%
John Huston Die Spur des Falken
0%
Spike Lee Do the Right Thing
0%
Frank Capra Es geschah in einer Nacht
0%
Billy Wilder Frau ohne Gewissen
0%
John Ford Früchte des Zorns
0%
Charlie Chaplin Goldrausch
0%
D.W. Griffith Intoleranz
0%
George Stevens Mein großer Freund Shane
0%
Robert Altman Nashville
0%
Friedrich Wilhelm Murnau Sonnenaufgang – Lied von zwei Menschen
0%
Alan J. Pakula Sophies Entscheidung
0%
Preston Sturges Sullivans Reisen
0%
George Stevens Swing Time
0%
Sam Peckinpah The Wild Bunch – Sie kannten kein Gesetz
0%
Michael Curtiz Yankee Doodle Dandy
0%
Fred Zinnemann Zwölf Uhr mittags
0%
Keine übereinstimmenden Quizze gefunden
Verteilung der Resultate
Anzahl Personen mit jedem Resultat
Perzentil nach korrekt beantworteten Fragen
Ihre Resultats-Entwicklung
Sie haben dieses Quiz seit der letzten Aktualisierung nicht gespielt